The history of terrorism : (Record no. 129117)
[ view plain ]
| 000 -LEADER | |
|---|---|
| fixed length control field | 02961cam a2200421 a 4500 |
| 001 - CONTROL NUMBER | |
| control field | 14576399 |
| 003 - CONTROL NUMBER IDENTIFIER | |
| control field | ARRUPE |
| 005 - DATE AND TIME OF LATEST TRANSACTION | |
| control field | 20190307111756.0 |
| 008 - FIXED-LENGTH DATA ELEMENTS--GENERAL INFORMATION | |
| fixed length control field | 060929s2007 cau b s001 0 eng |
| 010 ## - LIBRARY OF CONGRESS CONTROL NUMBER | |
| LC control number | 2006032389 |
| 015 ## - NATIONAL BIBLIOGRAPHY NUMBER | |
| National bibliography number | GBA742035 |
| Source | bnb |
| 016 7# - NATIONAL BIBLIOGRAPHIC AGENCY CONTROL NUMBER | |
| Record control number | 013756844 |
| Source | Uk |
| 020 ## - INTERNATIONAL STANDARD BOOK NUMBER | |
| International Standard Book Number | 9780520245334 (cloth : alk. paper) |
| 020 ## - INTERNATIONAL STANDARD BOOK NUMBER | |
| International Standard Book Number | 0520245334 (cloth : alk. paper) |
| 020 ## - INTERNATIONAL STANDARD BOOK NUMBER | |
| International Standard Book Number | 9780520247093 (pbk. : alk. paper) |
| 020 ## - INTERNATIONAL STANDARD BOOK NUMBER | |
| International Standard Book Number | 0520247094 (pbk. : alk. paper) |
| 035 ## - SYSTEM CONTROL NUMBER | |
| System control number | (OCoLC)ocm72353633 |
| 035 ## - SYSTEM CONTROL NUMBER | |
| System control number | (OCoLC)72353633 |
| 040 ## - CATALOGING SOURCE | |
| Original cataloging agency | DLC |
| Transcribing agency | DLC |
| Modifying agency | BTCTA |
| -- | BAKER |
| -- | C#P |
| -- | UKM |
| -- | DLC |
| 041 1# - LANGUAGE CODE | |
| Language code of text/sound track or separate title | eng |
| Language code of original and/or intermediate translations of text | fre |
| 050 00 - LIBRARY OF CONGRESS CALL NUMBER | |
| Classification number | HV6431 |
| Item number | .H5713 2007 |
| 082 00 - DEWEY DECIMAL CLASSIFICATION NUMBER | |
| Classification number | 363.32509 |
| Edition number | 22 |
| 300 ## - PHYSICAL DESCRIPTION | |
| Dimensions | 23 cm. |
| 130 0# - MAIN ENTRY--UNIFORM TITLE | |
| Uniform title | Histoire du terrorisme. |
| Language of a work | English. |
| 9 (RLIN) | 44956 |
| 245 14 - TITLE STATEMENT | |
| Title | The history of terrorism : |
| Remainder of title | from antiquity to al Qaeda / |
| Statement of responsibility, etc | edited by Gérard Chaliand and Arnaud Blin ; translated by Edward Schneider, Kathryn Pulver, and Jesse Browner. |
| 260 ## - PUBLICATION, DISTRIBUTION, ETC. (IMPRINT) | |
| Place of publication, distribution, etc | Berkeley : |
| Name of publisher, distributor, etc | University of California Press, |
| Date of publication, distribution, etc | c2007. |
| 300 ## - PHYSICAL DESCRIPTION | |
| Extent | viii, 474 p. ; |
| 504 ## - BIBLIOGRAPHY, ETC. NOTE | |
| Bibliography, etc | Includes bibliographical references (p. 435-444) and index. |
| 505 0# - FORMATTED CONTENTS NOTE | |
| Formatted contents note | Introduction / Gérard Chaliand and Arnaud Blin -- Terrorism as a strategy of insurgency / Ariel Merari -- Zealots and assassins / Gérard Chaliand and Arnaud Blin -- Manifestations of terror through the ages / Gérard Chaliand and Arnaud Blin -- The invention of modern terror / Gérard Chaliand and Arnaud Blin -- Anarchist terrorists of the nineteenth century / Olivier Hubac-Occhipinti -- Russian terrorism, 1878-1908 / Yves Ternon -- The "golden age" of terrorism / Gérard Chaliand and Arnaud Blin -- Lenin, Stalin, and state terrorism / Gérard Chaliand and Arnaud Blin -- Terrorism in time of war : from war II to the wars of national liberation / Gérard Chaliand and Arnaud Blin -- From 1968 to radical Islam / Gérard Chaliand and Arnaud Blin -- The roots of Islamic radicalism / Philippe Migaux -- Al qaeda / Philippe Migaux -- The future of the Islamist movement / Philippe Migaux -- Suicide operations : between war and terrorism / François Géré -- The United States confronting terrorism / Arnaud Blin -- Terrorism in south Asia / Rohan Gunaratna. |
| 546 ## - LANGUAGE NOTE | |
| Language note | Translated from the French. |
| 650 #0 - SUBJECT ADDED ENTRY--TOPICAL TERM | |
| Topical term or geographic name as entry element | Terrorism |
| General subdivision | History. |
| 9 (RLIN) | 1447 |
| 700 1# - ADDED ENTRY--PERSONAL NAME | |
| Personal name | Chaliand, Gérard, |
| Dates associated with a name | 1934- |
| 9 (RLIN) | 44957 |
| 700 1# - ADDED ENTRY--PERSONAL NAME | |
| Personal name | Blin, Arnaud. |
| 9 (RLIN) | 44958 |
| 906 ## - LOCAL DATA ELEMENT F, LDF (RLIN) | |
| a | 7 |
| b | cbc |
| c | orignew |
| d | 1 |
| e | ecip |
| f | 20 |
| g | y-gencatlg |
| 942 ## - ADDED ENTRY ELEMENTS (KOHA) | |
| Source of classification or shelving scheme | Library of Congress Classification |
| Koha item type | Monograph ( Printed materials) |
| Withdrawn status | Lost status | Source of classification or shelving scheme | Damaged status | Not for loan | Collection code | Home library | Current library | Shelving location | Date acquired | Total Checkouts | Full call number | Barcode | Date last seen | Price effective from | Koha item type |
|---|---|---|---|---|---|---|---|---|---|---|---|---|---|---|---|
| Library of Congress Classification | Main Collection | ARRUPE LIBRARY | ARRUPE LIBRARY | Main Collection | 05/03/2019 | HV6431 .H5713 2007 | 46600004059 | 05/03/2019 | 05/03/2019 | Monograph ( Printed materials) |